Statistics for 2023 Fremantle Dockers AFL Team Quiz

Click here to take the quiz!

General Stats

  • This quiz has been taken 7 times
  • The average score is 29 of 50

Answer Stats

No.Player Name% Correct
8Andrew Brayshaw
100%
24Jye Amiss
100%
5Lachie Schultz
100%
13Luke Ryan
100%
10Michael Walters
100%
7Nat Fyfe
100%
4Sean Darcy
100%
36Brennan Cox
86%
3Caleb Serong
86%
26Hayden Young
86%
Senior CoachJustin Longmuir
86%
23Liam Henry
86%
9Luke Jackson
86%
32Michael Frederick
86%
25Alex Pearce
71%
6Jordan Clark
71%
20Matt Taberner
71%
30Nathan O'Driscoll
71%
1Sam Sturt
71%
31Brandon Walker
57%
15Ethan Hughes
57%
27Heath Chapman
57%
2Jaeger O'Meara
57%
11James Aish
57%
21Joel Hamling
57%
19Josh Corbett
57%
35Josh Treacy
57%
37Joshua Draper
57%
34Corey Wagner
43%
46Ethan Stanley
43%
12Hugh Davies
43%
40Karl Worner
43%
42Liam Reidy
43%
Backline CoachMatthew Boyd
43%
44Matthew Johnson
43%
22Max Knobel
43%
14Nathan Wilson
43%
39Sam Switkowski
43%
43Sebit Kuek
43%
18Tom Emmett
43%
17Will Brodie
43%
45Conrad Williams
29%
38Eric Benning
29%
Forward CoachJaymie Graham
29%
28Neil Erasmus
29%
Development CoachTendai Mzungu
29%
33Travis Colyer
29%
41Bailey Banfield
14%
Midfield CoachJoel Corey
14%
Development CoachAdam Reed
0%

Score Distribution

Percentile by Number Answered

Percent of People with Each Score

Your Score History

You have not taken this quiz